Survivor: Winners at War Contestants (Final Placements) - Statistics

General Stats
  • This quiz has been taken 199 times
  • The average score is 17 of 20
Answer Stats
Hint Answer % Correct
Winner Tony Vlachos (Cagayan)
97%
Runner-Up Natalie Anderson (San Juan Del Sur)
93%
4th Sarah Lacina (Game Changers)
90%
19th Amber Mariano (All Stars)
89%
16th Rob "Boston Rob" Mariano (Redemption Island)
89%
5th Ben Driebergen (Heroes vs. Healers vs. Hustlers)
87%
2nd Runner-Up Michele Fitzgerald (Kaoh Rong)
85%
15th Parvati Shallow (Micronesia)
85%
20th Sandra Diaz-Twine (Pearl Islands & Heroes vs. Villains)
84%
6th Denise Stapley (Philippines)
83%
17th Ethan Zohn (Africa)
82%
11th Tyson Apostol (Blood vs. Water)
82%
18th Danni Boatwright (Guatemala)
81%
8th Jeremy Collins (Cambodia)
81%
12th Adam Klein (Millennials vs. Gen X)
80%
7th Nick Wilson (David vs. Goliath)
79%
14th Yul Kwon (Cook Islands)
79%
9th Kim Spradlin-Wolfe (One World)
76%
13th Wendell Holland (Ghost Island)
76%
10th Sophie Clarke (South Pacific)
73%
No matching quizzes found
Score Distribution
Percent of People with Each Score
Percentile by Number Answered
Your Score History
You have not taken this quiz